000 00350nam a2200157Ia 4500
100 _aBirman/Kenneth P
650 _aDistributed systems
942 _cBK
366 _f25
245 _aReliable Distributed systems:Technologies
260 _bSpringer
_c2005
082 _a4.6
_bBIR
300 _a668
546 _aENGLISH
_cComputers
999 _c18243
_d18243